000 00545nam a22001577a 4500
008 230515b |||||||| |||| 00| 0 eng d
040 _aNational Science Library
_cNational Science Library
080 _a551.515(94)
_bL5
100 1 _aSon, H J
_98987
245 _aEnvironment of severe local storms in Australia
260 _aAustralia:
_bCommonwealth Scientific and Industrial Research Organization,
_c1975
300 _a27p.
490 _aDivision of atmospheric physics technical paper no. 25
650 _aEnvironment
942 _2udc
_cREF
999 _c30199
_d30199